[Event "Match"]
[Site "www.echecsemail.com"]
[Date "2019.03.26"]
[Round "1"]
[White "Cal"]
[Black "Jackbauer"]
[WhiteElo "1830"]
[BlackElo "1800"]
[Result "0-1"]
[Round "1"]
1.c4 g6
2.d4 Bf8g7
3.Ng1f3 d5
4.c5 c6
5.h3 Nb8d7
6.e3 e6
7.Nb1c3 Ng8e7
8.Bf1e2 a6
9.O-O O-O
10.a3 b5
11.b4 e5
12.dxe5 Nd7xe5
13.Qd1c2 Bc8f5
14.Bc1b2 Qd8c7
15.Qc2d2 Rf8d8
16.Nf3h4 Bf5e6
17.f4 Ne5c4
18.Be2xc4 dxc4
19.Qd2e2 Bg7f6
20.Nh4f3 Rd8d7
21.a4 Ra8d8
22.Nc3e4 Bf6xb2
23.Ra1b1 Bb2g7
24.axb5 cxb5
25.Ne4g5 Be6d5
26.e4 Bd5c6
27.Nf3e5 Bg7xe5
28.fxe5 Rd7d4
29.e6 f6
30.Ng5f7 Rd4xe4
31.Qe2b2 Re4f4
32.Nf7xd8 Kg7
33.Nd8f7 Bc6d5
34.Nf7g5 Ne7g8
35.Rb1e1 Kh6
36.Ng5f7 Kg7
37.g3 Rf4xf1
38.Kxf1 Qc7xg3
39.Qb2f2 Qg3xh3
40.Ke2 Bd5xe6
41.Re1d1 Be6g4
42.Kd2 Qh3d3
43.Kc1 Bg4xd1
44.Nf7d6 Ng8e7
45.Nd6e8 Kf7
46.Ne8xf6 Ne7f5
47.Nf6xh7 Kg7
48.Nh7g5 Bd1e2
49.Ng5e6 Kf6
50.Ne6f4 Qd3c3
51.Kb1 Qc3xb4
52.Kc2 Qb4b3
53.Kc1 Qb3d1
54.Kb2 b4
55.Qf2xe2 Qd1d4
56.Ka2 b3
57.Ka3 Qd4xc5
58.Kb2 Qc5d4
59.Ka3 Qd4xf4
60.Qe2d1 Qf4d4
61.Qd1e1 b2
62.Qe1b4 Nf5d6
63.Ka2 g5
64.Qb4b8 Nd6f7
65.Qb8b7 Nf7d6
66.Qb7xa6 c3
67.Kb1 Qd4d1
68.Ka2 b1Q
{ resign }
0-1

[Event "Tourn. n10076"]
[Site "www.echecsemail.com"]
[Date "2019.03.26"]
[Round "1"]
[White "Cathar"]
[Black "Luban"]
[WhiteElo "2150"]
[BlackElo "2190"]
[Result "1/2-1/2"]
[Round "1"]
1.d4 d5
2.c4 e6
3.Nb1c3 h6
4.cxd5 exd5
5.Bc1f4 Ng8f6
6.e3 a6
7.Bf1d3 Bc8e6
8.Ng1f3 c5
9.dxc5 Bf8xc5
10.h3 O-O
11.O-O Nb8c6
12.Ra1c1 Bc5d6
13.Bf4xd6 Qd8xd6
14.Nc3e2 Nc6b4
15.Bd3b1 Rf8d8
16.a3 Nb4c6
17.Ne2d4 Ra8c8
18.Qd1a4 Nc6xd4
19.Nf3xd4 b5
20.Qa4b4 Nf6e8
21.Qb4xd6 Ne8xd6
22.b3 Kf8
23.Bb1d3 Rc8xc1
24.Rf1xc1 Rd8c8
25.Rc1xc8 Nd6xc8
26.Kf1 Nc8b6
27.Ke2 Ke7
28.Kd2 Kd6
29.Kc3 Kc5
30.Bd3h7 Nb6d7
31.Bh7c2 Nd7b8
{ draw }
1/2-1/2

[Event "Match"]
[Site "www.echecsemail.com"]
[Date "2019.03.26"]
[Round "1"]
[White "Mitja"]
[Black "Ssharp"]
[WhiteElo "2020"]
[BlackElo "2320"]
[Result "1/2-1/2"]
[Round "1"]
1.d4 d5
2.e3 Bc8f5
3.c3 e6
4.Ng1e2 Ng8f6
5.Ne2g3 Bf5g6
6.Bf1e2 Bf8d6
7.b3 O-O
8.Bc1b2 Nb8d7
9.Be2h5 Nf6xh5
10.Ng3xh5 Nd7f6
11.Nh5xf6 Qd8xf6
12.O-O Qf6h4
13.h3 f5
14.f4 Bg6h5
15.Qd1e1 Qh4e7
16.Nb1d2 Rf8f6
17.Nd2f3 Bh5xf3
18.Rf1xf3 a5
19.a4 Qe7f7
20.Qe1e2 Qf7e7
21.Kf2 Rf6g6
22.Kf1 c6
23.Qe2f2 b5
24.axb5 cxb5
25.Rf3g3 Rg6xg3
26.Qf2xg3 Qe7d8
27.Qg3e1 a4
28.bxa4 Ra8xa4
29.Ra1xa4 bxa4
30.Qe1a1 Qd8a5
31.Bb2a3 Bd6xa3
32.Qa1xa3 Qa5b5
33.Kf2 Kf7
34.Qa3d6 Qb5e8
35.Qd6b4 Qe8c6
36.Qb4a3 Qc6a6
37.g4 g6
38.Ke1 Qa6d3
39.Kf2 Qd3d2
40.Kf3 Qd2d1
41.Kf2 fxg4
42.hxg4 Qd1d2
{ draw }
1/2-1/2

[Event "Tourn. n10090"]
[Site "www.echecsemail.com"]
[Date "2019.03.26"]
[Round "1"]
[White "Ditto"]
[Black "Hansen"]
[WhiteElo "1760"]
[BlackElo "1700"]
[Result "1-0"]
[Round "1"]
1.e4 d5
2.exd5 Qd8xd5
3.Nb1c3 Qd5e5
4.Ng1e2 Bc8g4
5.f3 Bg4f5
6.d3 b5
7.Bc1f4 Qe5c5
8.d4 Qc5c4
9.Ne2g3 Qc4e6
10.Bf1e2 Nb8c6
11.d5 Qe6d7
12.dxc6 Qd7xc6
13.Be2xb5 Qc6xb5
14.Nc3xb5 Ra8d8
15.Nb5xc7 { resign }
1-0

[Event "Match"]
[Site "www.echecsemail.com"]
[Date "2019.03.26"]
[Round "1"]
[White "D4minance"]
[Black "Yudoka"]
[WhiteElo "2299"]
[BlackElo "2179"]
[Result "1-0"]
[Round "1"]
1.d4 d5
2.c4 c6
3.Nb1c3 Ng8f6
4.Ng1f3 dxc4
5.a4 Bc8f5
6.Nf3e5 Nb8d7
7.Ne5xc4 Nd7b6
8.Nc4e5 a5
9.h4 h5
10.f3 Nf6d7
11.e4 Bf5h7
12.Ne5d3 e5
13.dxe5 Nd7c5
14.Bc1e3 Nb6d7
15.f4 Nc5xe4
16.e6 fxe6
17.Qd1xh5 { resign }
1-0

[Event "Tourn. n10063"]
[Site "www.echecsemail.com"]
[Date "2019.03.26"]
[Round "1"]
[White "Numanoid"]
[Black "Nevaeh"]
[WhiteElo "2690"]
[BlackElo "2720"]
[Result "1/2-1/2"]
[Round "1"]
1.d4 d5
2.c4 e6
3.Nb1c3 c6
4.e4 dxe4
5.Nc3xe4 Bf8b4
6.Bc1d2 Qd8xd4
7.Bd2xb4 Qd4xe4
8.Bf1e2 Nb8a6
9.Bb4a5 b6
10.Qd1d6 Bc8d7
11.Ba5c3 f6
12.Ng1f3 Ng8h6
13.Ra1d1 Ra8d8
14.Qd6a3 Bd7c8
15.Nf3d2 Qe4f4
16.Be2h5 Nh6f7
17.O-O c5
18.Qa3a4 Ke7
19.Rf1e1 Nf7g5
20.Re1e3 Rd8d6
21.Rd1e1 Rh8d8
22.Nd2e4 Ng5xe4
23.Re3xe4 Qf4h6
24.Bh5f3 Kf8
25.Bf3g4 Na6b4
26.Bg4xe6 Bc8xe6
27.Re4xe6 Rd6xe6
28.Re1xe6 a5
29.h3 Qh6f4
30.Qa4b5 Rd8d1
31.Bc3e1 Qf4b8
32.Qb5a4 Qb8d8
33.Re6e8 { draw }
1/2-1/2

[Event "1/64 Finale"]
[Site "www.chess-mail.com"]
[Date "2019.03.26"]
[Round "1"]
[White "Bojan"]
[Black "Hennie4820"]
[WhiteElo "2010"]
[BlackElo "1950"]
[Result "1-0"]
[Round "1"]
1.e4 c5
2.Bf1c4 Nb8c6
3.Qd1f3 Nc6e5
4.Qf3b3 Ne5xc4
5.Qb3xc4 e6
6.Ng1f3 Ng8f6
7.Nb1c3 d6
8.d4 cxd4
9.Qc4xd4 a6
10.Bc1g5 Bf8e7
11.h3 O-O
12.O-O-O Qd8c7
13.Rh1e1 Rf8d8
14.Qd4a4 b5
15.Qa4d4 Bc8b7
16.Qd4e3 Ra8c8
17.Re1e2 d5
18.e5 Nf6e8
19.Qe3d2 Be7xg5
20.Nf3xg5 h6
21.Ng5f3 Qc7b6
22.Nf3d4 b4
23.Nc3a4 Qb6a5
24.b3 Rc8c3
25.Kb2 Rd8c8
26.Qd2f4 g5
27.Qf4g4 Ne8g7
28.h4 gxh4
29.Qg4xh4 Kh7
30.g4 Bb7c6
31.Nd4xc6 Rc8xc6
32.Qh4f6 Rc6c7
33.f4 Rc3h3
34.Kb1 Qa5b5
35.Rd1d2 Rh3h1
36.Kb2 a5
37.Re2h2 h5
38.Rh2e2 h4
39.f5 d4
40.fxe6 fxe6
41.Rd2d3 Qb5d5
42.Na4b6 Qd5c6
43.Nb6c4 Rh1g1
44.Qf6xh4 Kg8
45.Re2h2 Qc6e4
46.Qh4d8 Kf7
47.Rh2f2 Kg6
48.Qd8f6 Kh7
49.Rd3h3 Kg8
50.Qf6f8 
1-0

[Event "Tourn. n10059"]
[Site "www.echecsemail.com"]
[Date "2019.03.27"]
[Round "1"]
[White "Picifarkinca"]
[Black "Cathar"]
[WhiteElo "2050"]
[BlackElo "2140"]
[Result "0-1"]
[Round "1"]
1.Ng1f3 Ng8f6
2.c4 g6
3.Nb1c3 Bf8g7
4.e4 d6
5.d4 O-O
6.Bf1e2 e5
7.d5 a5
8.Qd1c2 Nb8a6
9.O-O Na6c5
10.Bc1g5 h6
11.Bg5e3 b6
12.Be3xc5 bxc5
13.Nf3d2 h5
14.Nc3b5 Bg7h6
15.Ra1d1 h4
16.h3 Nf6h7
17.Nd2f3 f5
18.Nb5c3 Bh6f4
{ time. }
0-1

[Event "Tourn. n10089"]
[Site "www.echecsemail.com"]
[Date "2019.03.27"]
[Round "1"]
[White "Cathar"]
[Black "Balbyns"]
[WhiteElo "2180"]
[BlackElo "2250"]
[Result "1-0"]
[Round "1"]
1.d4 Ng8f6
2.c4 e6
3.Ng1f3 c5
4.d5 exd5
5.cxd5 d6
6.Nb1c3 Bf8e7
7.h3 O-O
8.e4 Rf8e8
9.Bf1d3 Bc8d7
10.a4  { time }
1-0

[Event "Match"]
[Site "www.echecsemail.com"]
[Date "2019.03.27"]
[Round "1"]
[White "Storzman"]
[Black "D4minance"]
[WhiteElo "2150"]
[BlackElo "1499"]
[Result "0-1"]
[Round "1"]
1.d4 Ng8f6
2.Ng1f3 g6
3.c4 Bf8g7
4.Nb1c3 O-O
5.e3 d5
6.Qd1b3 dxc4
7.Bf1xc4 c5
8.dxc5 Qd8a5
9.O-O Nb8a6
10.Nf3e5 Na6xc5
11.Bc4xf7 Kh8
12.Qb3c4 Nc5d7
13.Ne5xd7 Bc8xd7
14.Qc4b3 b5
15.a4 bxa4
16.Nc3xa4 Ra8b8
17.Qb3a2 Qa5xa4
18.Qa2xa4 Bd7xa4
19.Ra1xa4 Rf8xf7
20.Ra4xa7 Kg8
21.f3 Rb8c8
22.b4 Nf6d5
23.Bc1d2 Rc8c2
24.Rf1d1 Bg7h6
25.Ra7a3 Rf7f6
26.Ra3d3 Rc2xd2
27.Rd3xd5 Bh6xe3
28.Kf1 Rd2f2
{ resign }
0-1

[Event "Tourn. n10089"]
[Site "www.echecsemail.com"]
[Date "2019.03.27"]
[Round "1"]
[White "Ff333"]
[Black "Picifarkinca"]
[WhiteElo "2000"]
[BlackElo "2130"]
[Result "1-0"]
[Round "1"]
1.e4 e5
2.Bf1c4 Ng8f6
3.d3 Nb8c6
4.Ng1f3 h6
5.O-O Bf8c5
6.h3 d6
7.c3 Bc5b6
8.Nf3h4 { resign }
1-0

[Event "Tourn. n10075"]
[Site "www.echecsemail.com"]
[Date "2019.03.27"]
[Round "1"]
[White "Claudia"]
[Black "Eugenius"]
[WhiteElo "1850"]
[BlackElo "1729"]
[Result "1/2-1/2"]
[Round "1"]
1.d4 Ng8f6
2.c4 e6
3.Nb1c3 d5
4.cxd5 exd5
5.Bc1g5 Bf8e7
6.e3 c6
7.Bf1d3 Nb8d7
8.Qd1c2 O-O
9.Ng1f3 Rf8e8
10.O-O Nd7f8
11.h3 g6
12.Ra1b1 Nf8e6
13.Bg5h4 Ne6g7
14.b4 a6
15.a4 Bc8f5
16.b5 axb5
17.axb5 Bf5xd3
18.Qc2xd3 Ng7f5
19.Bh4xf6 Be7xf6
20.bxc6 bxc6
21.Rb1a1 Nf5d6
22.Nc3a4 Nd6e4
23.Rf1c1 Qd8d6
24.Nf3d2 Ne4xd2
25.Qd3xd2 Bf6e7
26.Na4c5 Ra8xa1
27.Rc1xa1 Qd6c7
28.Qd2b4 Re8b8
29.Qb4c3 Rb8b5
30.g3 Qc7c8
31.Kg2 Be7d6
32.Nc5d3 Rb5b6
33.Ra1a7 Rb6a6
34.Ra7xa6 Qc8xa6
35.Nd3c5 { draw }
1/2-1/2

[Event "Tourn. n10092"]
[Site "www.echecsemail.com"]
[Date "2019.03.27"]
[Round "1"]
[White "Aiko1603"]
[Black "Picifarkinca"]
[WhiteElo "2130"]
[BlackElo "2150"]
[Result "1-0"]
[Round "1"]
1.c4 e6
2.Nb1c3 Ng8f6
3.g3 d5
4.cxd5 exd5
5.d4 Bf8e7
6.Bf1g2 O-O
7.Qd1b3 c6
8.Ng1f3 { resign }
1-0

[Event "Tourn. n10081"]
[Site "www.echecsemail.com"]
[Date "2019.03.27"]
[Round "1"]
[White "Esperanza"]
[Black "Eugenius"]
[WhiteElo "1660"]
[BlackElo "1729"]
[Result "1/2-1/2"]
[Round "1"]
1.e4 e5
2.Ng1f3 Nb8c6
3.Bf1c4 Bf8c5
4.O-O Ng8f6
5.d3 d6
6.c3 a6
7.Nb1d2 Bc5a7
8.h3 O-O
9.Rf1e1 Nc6a5
10.Bc4b3 Na5xb3
11.Qd1xb3 c6
12.Nd2f1 Qd8c7
13.Bc1g5 Bc8e6
14.Qb3d1 Nf6d7
15.Nf1g3 f6
16.Bg5e3 Ba7xe3
17.Re1xe3 d5
18.Nf3h4 g6
19.Qd1d2 Ra8d8
20.Re3e1 Kg7
21.Re1f1 dxe4
22.dxe4 Nd7c5
23.Qd2e3 Nc5d3
24.b3 Rf8f7
25.Ng3e2 Rf7d7
26.f4 exf4
27.Ne2xf4 Nd3xf4
28.Qe3xf4 Qc7xf4
{ draw }
1/2-1/2

[Event "Tourn. n10073"]
[Site "www.echecsemail.com"]
[Date "2019.03.27"]
[Round "1"]
[White "Picifarkinca"]
[Black "Mitja"]
[WhiteElo "2080"]
[BlackElo "2010"]
[Result "0-1"]
[Round "1"]
1.Ng1f3 d5
2.c4 dxc4
3.e4 c6
4.Bf1xc4 e6
5.O-O b6
6.d4 Bc8b7
7.Nb1c3 h6
8.Qd1e2 Ng8f6
9.Rf1d1 Qd8c7
10.a4 Bf8e7
11.d5 cxd5
12.exd5 exd5
13.Nc3xd5 Nf6xd5
14.Bc4xd5 Bb7xd5
15.Rd1xd5 Nb8c6
16.Bc1d2 O-O
17.Ra1c1 Qc7b7
18.Nf3e5 Nc6xe5
19.Rd5xe5 Be7f6
20.Re5b5 Rf8e8
21.Qe2g4 Kh8
{ resign }
0-1

[Event "Tourn. n10073"]
[Site "www.echecsemail.com"]
[Date "2019.03.27"]
[Round "1"]
[White "Souricette64"]
[Black "Picifarkinca"]
[WhiteElo "2229"]
[BlackElo "2080"]
[Result "1-0"]
[Round "1"]
1.d4 d5
2.Bc1g5 Bc8f5
3.Bg5f4 Ng8f6
4.Ng1f3 e6
5.e3 h6
6.c3 Bf8d6
7.Bf4g3 Bd6xg3
8.hxg3 Nb8d7
9.Nf3e5 c6
10.Nb1d2 Qd8b6
11.Qd1b3 O-O
12.Bf1e2 { resign }
1-0

[Event "Tourn. n10097"]
[Site "www.echecsemail.com"]
[Date "2019.03.27"]
[Round "1"]
[White "Myny2005"]
[Black "Fantomas"]
[WhiteElo "2239"]
[BlackElo "2280"]
[Result "1-0"]
[Round "1"]
1.e4 c6
2.d4 d5
3.Nb1c3 dxe4
4.Nc3xe4 Bc8f5
5.Ne4g3 Bf5g6
6.h4 h6
7.Ng1f3 Ng8f6
8.Nf3e5 Bg6h7
9.Bf1d3 Bh7xd3
10.Qd1xd3 e6
11.Bc1f4 Bf8d6
12.O-O-O O-O
13.Ng3e4 Bd6e7
14.Ne4xf6 Be7xf6
15.g4 Bf6xh4
16.Ne5f3 g5
17.Nf3xh4 gxf4
18.Nh4g6 Qd8g5
19.Ng6xf8 Kxf8
20.Rh1h5 Qg5g7
21.Qd3a3 Ke8
22.Qa3b4 f6
23.Rd1e1 Qg7e7
24.Qb4b3 { resign }
1-0

[Event "Tourn. n10029"]
[Site "www.echecsemail.com"]
[Date "2019.03.27"]
[Round "1"]
[White "Tartan"]
[Black "Lenyb"]
[WhiteElo "2550"]
[BlackElo "2370"]
[Result "0-1"]
[Round "1"]
1.d4 d5
2.c4 e6
3.Nb1c3 Ng8f6
4.Bc1g5 Bf8e7
5.e3 O-O
6.Qd1c2 h6
7.Bg5h4 b6
8.Ng1f3 Bc8b7
9.Bh4xf6 Be7xf6
10.cxd5 exd5
11.O-O-O c5
12.dxc5 Bf6xc3
13.Qc2xc3 Nb8d7
14.c6 Bb7xc6
15.Kb1 Ra8c8
16.Qc3d4 Nd7c5
17.Bf1d3 Nc5xd3
18.Qd4xd3 Qd8f6
19.Rd1d2 Bc6d7
20.Nf3d4 a5
21.h3 Rc8c4
22.g4 Rf8c8
23.Rh1e1 b5
24.Re1d1 b4
25.f3 a4
26.a3 bxa3
27.Qd3xa3 Rc4c5
28.Qa3b4 Qf6a6
29.e4 a3
30.b3 dxe4
31.fxe4 Qa6a8
32.Nd4f5 Bd7xf5
33.exf5 a2
34.Rd2xa2 Qa8c6
35.Qb4f4 Rc5c3
36.Ra2b2 Rc3xb3
{ resign }
0-1

[Event "Tourn. n10091"]
[Site "www.echecsemail.com"]
[Date "2019.03.27"]
[Round "1"]
[White "Picifarkinca"]
[Black "Claudia"]
[WhiteElo "2130"]
[BlackElo "1910"]
[Result "0-1"]
[Round "1"]
1.e4 c5
2.Nb1c3 d6
3.Ng1e2 Ng8f6
4.g3 e6
5.Bf1g2 Bf8e7
6.O-O O-O
7.d3 Nb8c6
8.Kh1 a6
9.f4 Qd8c7
{ resign }
0-1

[Event "Tourn. n10089"]
[Site "www.echecsemail.com"]
[Date "2019.03.27"]
[Round "1"]
[White "Picifarkinca"]
[Black "Apdash"]
[WhiteElo "2090"]
[BlackElo "2140"]
[Result "0-1"]
[Round "1"]
1.e4 e6
2.d4 d5
3.Nb1c3 c6
4.Bf1d3 dxe4
5.Bd3xe4 Bf8b4
6.a3 Bb4a5
7.b4 Ba5b6
8.Ng1f3 Ng8f6
{ resign }
0-1

[Event "Tourn. n10056"]
[Site "www.echecsemail.com"]
[Date "2019.03.27"]
[Round "1"]
[White "Souricette64"]
[Black "Picifarkinca"]
[WhiteElo "1799"]
[BlackElo "1990"]
[Result "1-0"]
[Round "1"]
1.e4 e5
2.Ng1f3 Nb8c6
3.Bf1c4 Ng8f6
4.d3 h6
5.c3 d6
6.O-O Bf8e7
7.Rf1e1 Nc6a5
8.Bc4b5 Bc8d7
9.Bb5a4 b5
10.Ba4c2 c5
11.Nb1d2 O-O
12.Nd2f1 Na5c6
13.Nf1g3 Qd8c7
14.Nf3h4 Rf8e8
15.Nh4f5 Be7f8
16.Qd1f3 Qc7d8
17.Bc1e3 Bd7e6
18.h3 a5
19.a4 b4
20.d4 cxd4
21.cxd4 d5
22.Ra1d1 Ra8c8
23.b3 { resign }
1-0

[Event "Tourn. n10076"]
[Site "www.echecsemail.com"]
[Date "2019.03.27"]
[Round "1"]
[White "Cathar"]
[Black "Picifarkinca"]
[WhiteElo "2150"]
[BlackElo "2120"]
[Result "1-0"]
[Round "1"]
1.d4 d5
2.c4 e6
3.Nb1c3 Ng8f6
4.cxd5 exd5
5.Bc1g5 Bf8e7
6.e3 O-O
7.Bf1d3 h6
8.Bg5f4 c6
9.Ng1f3 Rf8e8
10.Qd1c2 Be7d6
11.Bf4xd6 Qd8xd6
12.O-O { resign }
1-0

[Event "Tourn. n10091"]
[Site "www.echecsemail.com"]
[Date "2019.03.27"]
[Round "1"]
[White "Johnmcbride"]
[Black "Picifarkinca"]
[WhiteElo "1950"]
[BlackElo "2090"]
[Result "1-0"]
[Round "1"]
1.e4 e5
2.Nb1c3 Ng8f6
3.h4 Nb8c6
4.g4 d5
5.exd5 Nf6xd5
6.Bf1c4 Bc8e6
7.Bc4xd5 Be6xd5
8.f3 { resign }
1-0

[Event "Tourn. n10084"]
[Site "www.echecsemail.com"]
[Date "2019.03.27"]
[Round "1"]
[White "Picifarkinca"]
[Black "Mitja"]
[WhiteElo "2130"]
[BlackElo "2060"]
[Result "0-1"]
[Round "1"]
1.e4 d5
2.d4 dxe4
3.Nb1c3 e6
4.Nc3xe4 c6
5.Ng1f3 h6
6.Bf1e2 Ng8f6
7.Ne4g3 b6
8.O-O Bc8b7
9.Bc1f4 Bf8e7
10.c3 Nb8d7
11.Nf3e5 Nd7xe5
12.Bf4xe5 Be7d6
13.Be2f3 Bd6xe5
14.dxe5 Nf6d7
{ resign }
0-1

[Event "Tourn. n10082"]
[Site "www.echecsemail.com"]
[Date "2019.03.27"]
[Round "1"]
[White "Julian"]
[Black "Karadayi"]
[WhiteElo "1440"]
[BlackElo "1480"]
[Result "1-0"]
[Round "1"]
1.e4 d5
2.exd5 Qd8xd5
3.Nb1c3 Qd5a5
4.d4 Ng8f6
5.Ng1f3 Bc8g4
6.Bf1e2 Bg4xf3
{ time. }
1-0

[Event "Match"]
[Site "www.echecsemail.com"]
[Date "2019.03.27"]
[Round "1"]
[White "Luzhin"]
[Black "Chapi"]
[WhiteElo "2560"]
[BlackElo "2100"]
[Result "1-0"]
[Round "1"]
1.d4 d5
2.c4 c6
3.Ng1f3 g6
4.cxd5 cxd5
5.Bc1f4 Bf8g7
6.e3 Ng8f6
7.Nb1c3 O-O
8.Ra1c1 Bc8g4
9.Qd1b3 Qd8d7
10.Nf3e5 Qd7c8
11.Ne5xg4 Nf6xg4
12.Bf1e2 Ng4f6
13.O-O Nb8c6
14.Nc3xd5 Nf6xd5
15.Qb3xd5 Qc8d8
16.Qd5b5 e5
17.dxe5 Qd8e7
18.e6 Nc6d8
19.exf7 Nd8xf7
20.Rc1c7 Qe7f6
21.Qb5xb7 Nf7d6
22.Bf4xd6 { resign }
1-0

[Event "1/32 Finale"]
[Site "www.chess-mail.com"]
[Date "2019.03.27"]
[Round "1"]
[White "Paulsyd"]
[Black "Bevittsmith"]
[WhiteElo "2690"]
[BlackElo "2210"]
[Result "1-0"]
[Round "1"]
1.e4 e6
2.d4 d5
3.Nb1c3 Bf8b4
4.e5 c5
5.a3 Bb4xc3
6.bxc3 Ng8e7
7.Qd1g4 Qd8c7
8.Qg4xg7 Rh8g8
9.Qg7xh7 cxd4
10.Ng1e2 Nb8c6
11.f4 Bc8d7
12.Qh7d3 dxc3
13.Qd3xc3 Ne7f5
14.Ra1b1 O-O-O
15.h3 d4
16.Qc3c4 Nf5e3
17.Bc1xe3 dxe3
18.Rb1b3 Nc6a5
19.Qc4xc7 Kxc7
20.Rb3xe3 Bd7c6
21.Re3c3 Kb8
22.h4 Bc6xg2
23.Bf1xg2 Rg8xg2
24.Rc3g3 Rg2xg3
25.Ne2xg3 Na5c4
26.h5 Nc4xa3
27.h6 Na3xc2
28.Kf2 Rd8h8
29.Ng3e4 a5
30.Ne4g5 a4
31.Ng5xf7 Rh8h7
32.Nf7g5 Rh7h8
33.Ke2 a3
34.Kd3 Nc2b4
35.Kc4 a2
36.Kxb4 Rh8xh6
37.Rh1c1 Rh6h2
38.Kb3 { resign }
1-0

[Event "Tourn. n10091"]
[Site "www.echecsemail.com"]
[Date "2019.03.28"]
[Round "1"]
[White "Estonia"]
[Black "Malbertan"]
[WhiteElo "1970"]
[BlackElo "1950"]
[Result "1-0"]
[Round "1"]
1.e4 e5
2.Ng1f3 Nb8c6
3.Bf1b5 a6
4.Bb5a4 Ng8f6
5.O-O b5
6.Ba4b3 Bf8e7
7.Rf1e1 O-O
8.c3 Nc6a5
9.Bb3c2 c5
10.d4 cxd4
11.cxd4 exd4
12.Qd1xd4 Na5c6
13.Qd4c3 Be7b4
14.Qc3b3 Bb4xe1
15.Nf3xe1 Nc6d4
16.Qb3d3 Nd4xc2
17.Ne1xc2 Bc8b7
18.Nb1c3 Rf8e8
19.Bc1g5 Qd8b6
20.Bg5xf6 Qb6xf6
21.f3 Ra8d8
22.Ra1d1 Qf6b6
23.Kf1 Bb7c6
24.Nc3d5 Qb6a5
25.a3 Bc6xd5
26.Qd3xd5 Qa5c7
27.Nc2e3 Qc7xh2
28.Qd5g5 h6
29.Qg5d5 Qh2f4
30.Qd5d3 Re8e6
31.Ne3d5 Qf4g3
32.Qd3c2 Re6c6
33.Nd5e7 Kf8
34.Ne7xc6 Rd8c8
35.Rd1xd7 Ke8
36.Rd7e7 Kf8
37.Qc2c5 { resign }
1-0

[Event "Tourn. n10066"]
[Site "www.echecsemail.com"]
[Date "2019.03.28"]
[Round "1"]
[White "Coolant"]
[Black "Numanoid"]
[WhiteElo "2320"]
[BlackElo "2690"]
[Result "0-1"]
[Round "1"]
1.e4 e6
2.d4 d5
3.exd5 exd5
4.Bf1d3 c5
5.Nb1c3 Ng8f6
6.Bd3b5 Nb8c6
7.Bc1g5 Bf8e7
8.Ng1e2 a6
9.Bb5xc6 bxc6
10.O-O O-O
11.Rf1e1 h6
12.Bg5h4 c4
13.b3 cxb3
14.axb3 Rf8e8
15.Bh4g3 Bc8f5
16.Nc3a4 Be7f8
17.f3 Nf6h5
18.Qd1d2 Nh5xg3
19.Ne2xg3 Bf5h7
20.Re1xe8 Qd8xe8
21.Ra1e1 Qe8d8
22.Qd2c3 a5
23.Na4c5 Qd8c7
24.Ng3f1 Bf8d6
25.g3 h5
26.Kg2 Qc7b6
27.Nf1d2 Qb6b4
28.Qc3xb4 axb4
29.Nc5b7 Bd6f8
30.Re1c1 g5
31.Nd2f1 Bf8g7
32.c3 bxc3
33.Rc1xc3 Ra8a2
34.Kh3 Bg7xd4
35.Rc3xc6 Bh7d3
{ resign }
0-1

[Event "Match"]
[Site "www.echecsemail.com"]
[Date "2019.03.28"]
[Round "1"]
[White "Tbsundar"]
[Black "Yudoka"]
[WhiteElo "2150"]
[BlackElo "1809"]
[Result "0-1"]
[Round "1"]
1.d4 d5
2.Ng1f3 Ng8f6
3.e3 c5
4.Nf3e5 cxd4
5.exd4 a6
6.c3 Nb8c6
7.Ne5xc6 bxc6
8.Nb1d2 Bc8f5
9.Nd2f3 Qd8b6
10.Bf1d3 Bf5xd3
11.Qd1xd3 e6
12.O-O c5
13.b3 Ra8c8
14.Nf3e5 Bf8e7
15.Bc1e3 O-O
16.c4 cxd4
17.Be3xd4 Be7c5
18.Bd4xc5 Rc8xc5
19.Ra1d1 Rf8c8
20.Qd3d4 Qb6c7
21.b4 Rc5xc4
22.Ne5xc4 dxc4
23.Qd4c5 Nf6d5
24.Rd1xd5 exd5
25.Qc5xd5 c3
26.Rf1c1 c2
27.Kf1 h6
28.Qd5a5 Qc7c4
29.Kg1 Rc8e8
30.b5 axb5
31.h3 Qc4d3
32.Rc1f1 Qd3xf1
33.Kxf1 c1Q
{ resign }
0-1

[Event "Match"]
[Site "www.echecsemail.com"]
[Date "2019.03.28"]
[Round "1"]
[White "Foxy100"]
[Black "Liencam2"]
[WhiteElo "2450"]
[BlackElo "2330"]
[Result "1-0"]
[Round "1"]
1.f4 g6
2.Ng1f3 d5
3.e3 Bf8g7
4.Bf1e2 Ng8f6
5.d4 O-O
6.O-O c5
7.dxc5 Qd8a5
8.Qd1d4 Nb8c6
9.Qd4c3 Qa5c7
10.Qc3a3 Bc8f5
11.Be2d3 Nf6e4
12.Nf3h4 Kh8
13.Nb1d2 Qc7d7
14.Ra1b1 Bg7f6
15.Nh4f3 a5
16.Bd3xe4 dxe4
17.Nf3g5 Nc6b4
18.Qa3b3 e5
19.Ng5xe4 Bf6g7
20.a3 Bf5e6
21.Nd2c4 Nb4a6
22.Qb3d3 Qd7c7
23.b4 exf4
24.Rf1xf4 Be6xc4
25.Qd3xc4 Ra8d8
26.Ne4d6 f5
27.Bc1b2 axb4
28.Bb2xg7 Qc7xg7
29.axb4 Qg7e7
30.e4 Qe7e5
31.Rb1f1 Rf8f6
32.exf5 Qe5e3
33.Kh1 Rd8f8
34.Rf4e4 Qe3d2
35.b5 Na6b8
36.Re4e2 Qd2g5
37.Re2e8 Kg7
38.Re8xf8 Kxf8
39.Nd6e4 Qg5g4
40.fxg6 Rf6xf1
41.Qc4xf1 { resign }
1-0

[Event "Match"]
[Site "www.echecsemail.com"]
[Date "2019.03.28"]
[Round "1"]
[White "Micheles"]
[Black "Telexmweene"]
[WhiteElo "2530"]
[BlackElo "2139"]
[Result "1-0"]
[Round "1"]
1.d4 Ng8f6
2.Ng1f3 d5
3.Bc1g5 e6
4.Nb1d2 Nb8d7
5.e3 Bf8e7
6.Bf1d3 O-O
7.O-O c6
8.c3 Rf8e8
9.Nf3e5 Nd7f8
10.f4 Kh8
11.Ne5xf7 { resign }
1-0

[Event "Tourn. n10056"]
[Site "www.echecsemail.com"]
[Date "2019.03.28"]
[Round "1"]
[White "Andychesston"]
[Black "Souricette64"]
[WhiteElo "1970"]
[BlackElo "1799"]
[Result "0-1"]
[Round "1"]
1.e4 e6
2.d4 d5
3.Nb1c3 Ng8f6
4.e5 Nf6d7
5.Bc1e3 c5
6.Bf1b5 a6
7.dxc5 axb5
8.Nc3xb5 Qd8a5
9.Nb5c3 Nd7xe5
10.Ng1e2 Bf8xc5
11.O-O O-O
12.Be3f4 Nb8c6
13.a3 Qa5d8
14.b4 Bc5d6
15.b5 Nc6e7
16.a4 Ne7g6
17.Bf4xe5 Bd6xe5
18.f4 Be5xc3
19.Ne2xc3 Qd8c7
20.Qd1d3 Ng6e7
21.g3 b6
22.Nc3e2 Bc8b7
23.Ne2d4 Rf8c8
24.Rf1f2 Qc7c3
25.Qd3d1 Rc8c4
26.Nd4f3 Rc4xa4
27.Ra1xa4 Ra8xa4
28.Kg2 d4
29.Kh3 Ra4a1
30.Qd1e2 Qc3e3
31.Nf3g5 Qe3xe2
32.Rf2xe2 h6
33.Ng5xe6 fxe6
34.g4 Ne7g6
35.Re2f2 Ra1a3
{ resign }
0-1

[Event "Tourn. n10038"]
[Site "www.echecsemail.com"]
[Date "2019.03.28"]
[Round "1"]
[White "Francesco"]
[Black "Apdash"]
[WhiteElo "2020"]
[BlackElo "2230"]
[Result "0-1"]
[Round "1"]
1.e4 c5
2.Ng1f3 Nb8c6
3.Nb1c3 d6
4.d4 cxd4
5.Nf3xd4 g6
6.Bf1b5 Bc8d7
7.O-O Bf8g7
8.Nd4xc6 bxc6
9.Bb5c4 Ng8f6
10.Rf1e1 O-O
11.Bc1f4 Qd8b6
12.Bc4b3 Bd7g4
13.Qd1d2 Rf8d8
14.Bf4e3 Qb6c7
15.f3 Bg4c8
16.Ra1d1 Bc8a6
17.a3 e6
18.Be3f4 e5
19.Bf4e3 Rd8d7
20.Bb3a4 Ra8d8
21.Ba4b3 Ba6b5
22.Nc3xb5 cxb5
23.c3 a5
24.Bb3a2 Qc7b7
25.Be3g5 Rd8c8
26.Re1e3 h6
27.Bg5h4 Nf6h5
28.Re3d3 Nh5f4
29.Rd3xd6 Rd7xd6
30.Qd2xd6 Rc8c7
31.Bh4f6 Bg7xf6
32.Qd6xf6 Rc7d7
33.Rd1xd7 Qb7xd7
34.h3 Nf4d3
35.b4 axb4
36.cxb4 Nd3c1
37.Ba2d5 Nc1e2
38.Kf2 Ne2f4
39.Qf6c6 Qd7a7
40.Kg3 Qa7e7
41.Kh2 Kg7
42.Qc6xb5 Qe7h4
43.Kg1 Qh4e1
44.Kh2 Qe1f2
{ resign }
0-1

[Event "Match"]
[Site "www.echecsemail.com"]
[Date "2019.03.29"]
[Round "1"]
[White "Mitja"]
[Black "Bojan"]
[WhiteElo "2140"]
[BlackElo "2000"]
[Result "0-1"]
[Round "1"]
1.d4 d5
2.e3 a6
3.c3 Bc8d7
4.h3 e6
5.b3 c5
6.dxc5 Bf8xc5
7.Bc1b2 f6
8.Ng1f3 b5
9.b4 Bc5b6
10.a3 Nb8c6
11.Nb1d2 Ng8e7
12.Nd2b3 Qd8c7
13.Nf3d4 Ne7g6
14.Nd4xc6 Bd7xc6
15.Bf1e2 e5
16.Be2f3 Ra8d8
17.Qd1c2 Ng6h4
18.Rh1g1 Nh4xf3
19.gxf3 g6
20.O-O-O Kf7
21.Rg1g3 Kg7
22.Rd1g1 Qc7f7
23.Kb1 Bc6d7
24.Ka2 Rd8c8
25.Qc2d2 Bd7e6
26.h4 d4
27.Qd2c2 dxe3
28.fxe3 Bb6xe3
29.Rg1f1 Rh8d8
30.Rf1d1 Be3f4
31.Rd1xd8 Rc8xd8
32.Rg3g2 Qf7b7
33.Bb2c1 Qb7xf3
34.Bc1xf4 Qf3xf4
35.Rg2h2 Be6f5
36.Qc2e2 e4
37.Nb3d4 Bf5g4
38.Qe2g2 h5
39.Qg2c2 Rd8d6
40.Kb2 e3
41.Rh2g2 Qf4e5
42.Nd4f3 Qe5e6
43.Nf3d4 Qe6e7
44.Rg2h2 f5
45.Rh2g2 f4
46.Rg2h2 f3
47.Rh2h1 f2
48.Qc2d3 Rd6f6
49.Qd3f1 e2
50.Nd4xe2 Qe7xe2
{ resign }
0-1

[Event "Match"]
[Site "www.echecsemail.com"]
[Date "2019.03.29"]
[Round "1"]
[White "Calponas"]
[Black "Peterpawn"]
[WhiteElo "2030"]
[BlackElo "1949"]
[Result "1-0"]
[Round "1"]
1.e4 c5
2.Ng1f3 Nb8c6
3.Bf1b5 g6
4.c3 Bf8g7
5.O-O d6
6.Rf1e1 Bc8d7
7.a4 Ng8f6
8.Bb5f1 O-O
9.d3 e5
10.g3 Rf8e8
11.Bf1g2 Bd7g4
12.h3 Bg4xf3
13.Qd1xf3 Nc6a5
14.Bc1g5 h6
15.Bg5d2 Na5b3
16.Ra1a3 Nb3xd2
17.Nb1xd2 a6
18.Nd2c4 { resign }
1-0